| 000 | 00892cam a2200205 4500 | ||
|---|---|---|---|
| 001 | L136603 | ||
| 008 | 070212n2005 000 0 eng u | ||
| 020 | _a1741071011 | ||
| 035 | _a(Sirsi) u136603 | ||
| 041 | 0 | _aeng | |
| 100 | 1 | _aBaccarini, David | |
| 245 | 0 | 0 |
_aUnderstanding project cost contingency _ba survey _h[electronic resource] |
| 260 |
_aBrisbane _bQueensland University of Technology _c2005 |
||
| 490 | 0 |
_aCOBRA _v2005 |
|
| 520 | _aDiscusses the results of a survey of 78 project practitioners' comprehension of issues pertaining to project cost contingency. Reports that there is a lack of appreciation that project cost contingency is a risk management notion. | ||
| 651 | 4 | _aAUSTRALIA | |
| 690 |
_aProject management _96261 |
||
| 856 | 4 | 0 |
_uhttps://www.rics.org/site/scripts/download_info.aspx?downloadID=2613 _zView the item free of charge at www.rics.org... |
| 942 | _n0 | ||
| 999 |
_c106449 _d106449 |
||